| 000 | 00491nam a2200133Ia 4500 | ||
|---|---|---|---|
| 008 | 171207s9999 xx 000 0 und d | ||
| 100 | _aSilberstein, M. | ||
| 245 | _aGPUnet: Networking Abstractions for GPU Programs | ||
| 245 | _cM. Silberstein S. Kim S. Huh X. Zhang Y. Hu A. Wated E. Witchel | ||
| 260 | _c2016 | ||
| 300 | _apages 11567, September 2016 | ||
| 440 |
_aACM Transactions on Computer Systems _v34:3 |
||
| 650 | _aGPGPUs, NETWORK SERVERS, OPERATING SYSTEMS DESIGN, ACCELERATORS | ||
| 999 |
_c347570 _d347570 |
||